LEADER 01153cam0-22003971i-450- 001 990000194770403321 005 20161028082044.0 010 $a0-7204-0245-X 035 $a000019477 035 $aFED01000019477 035 $a(Aleph)000019477FED01 035 $a000019477 100 $a20020821d1972----km-y0itay50------ba 101 0 $aeng 105 $af-------001yy 200 1 $aPolymer science$ea materials science handbook$feditor A. D. Jenkins 210 $aAmsterdam$cNorth-Holland Publ. Co.$d1972 215 $a2 v.$cill.$d23 cm 610 0 $aPolimeri 676 $a547.8 702 1$aJenkins,$bAubrey Dennis 801 0$aIT$bUNINA$gRICA$2UNIMARC 901 $aBK 912 $a990000194770403321 952 $a13 P 36 18$b28964$fFINBC 952 $a13 P 36 19$b30335$fFINBC 952 $a13 P 36 17$b28963$fFINBC 952 $a04 200-81/2$bOPV PIC/CNR 334$fDINCH 952 $a04 200-81/1$bOPV PIC/CNR 334$fDINCH 952 $a13 P 36 21$b28966$fFINBC 952 $a13 B 03 06$b30336$fFINBC 952 $a13 B 03 04$b28965$fFINBC 959 $aFINBC 959 $aDINCH 996 $aPolymer science$9122018 997 $aUNINA LEADER 01142cam0-22003851i-450- 001 990006418500403321 005 20080513122113.0 010 $a88-14-07256-6 035 $a000641850 035 $aFED01000641850 035 $a(Aleph)000641850FED01 035 $a000641850 100 $a20001025d1998----km-y0itay50------ba 101 0 $aita 102 $aIT 105 $ay-------001yy 200 1 $aFederico II di Svevia$eun monarca medievale alle prese con la sorte$fPierre Racine$gcon prefazione di Andrea Romano 210 $aMilano$cGiuffré$d1998 215 $aXIII, 523 p.$d24 cm 225 1 $aStudi storico giuridici$v5 610 0 $aFederico di Svevia $aStoria 676 $a348$v20$zit 676 $a945.704 700 1$aRacine,$bPierre$0241506 702 1$aRomano,$bAndrea$f<1947- > 801 0$aIT$bUNINA$gRICA$2UNIMARC 901 $aBK 912 $a990006418500403321 952 $aIII A 13$b4128 ddr.$fDDR 952 $aSDI-D 298$b9659 ddr$fSDI$m21-11774 952 $aUNIV. 234 (5)$b33775$fFSPBC 959 $aSDI 959 $aFSPBC 996 $aFederico II di Svevia$9649465 997 $aUNINA LEADER 00753nam0-22003011i-450- 001 990003276000403321 005 20001010 010 $a0-19-913179-1 035 $a000327600 035 $aFED01000327600 035 $a(Aleph)000327600FED01 035 $a000327600 100 $a20000920d1974----km-y0itay50------ba 101 0 $aita 105 $ay-------001yy 200 1 $aAFRICAN ENCYCLOPEDIA 210 $aLondon$cOxford University Press$d1974 215 $app. 554 610 0 $aAfrica Generale 676 $a136.001 801 0$aIT$bUNINA$gRICA$2UNIMARC 901 $aBK 912 $a990003276000403321 952 $a136.001.AFR.03$b1265$fDECGE 959 $aDECGE 996 $aAFRICAN ENCYCLOPEDIA$9451925 997 $aUNINA DB $aING01 LEADER 01650nas 2200397 n 450 001 990008935300403321 005 20240229084548.0 011 $a0008-0152 035 $a000893530 035 $aFED01000893530 035 $a(Aleph)000893530FED01 035 $a000893530 091 $2CNR$aP 00051697 100 $a20090724b19661987km-y0itaa50------ba 101 0 $afre 102 $aFR 110 $aauu-------- 200 1 $aCahiers du monde hispanique et luso-brésilien 207 1$a1966-1987 210 $aToulouse$cUniversite de Toulouse-Le Mirail 430 0$12001$aCaravelle 440 0$1001000893663$12001$aCaravelle (1988) 530 0 $aCahiers du monde hispanique et luso-brésilien 675 $a94 675 $a008 780 2 712 02$aUniversité de Toulouse.$bInstitut pluridisciplinaire d'étude sur l'Amérique latine 801 0$aIT$bACNP$c20090723 859 4 $uhttp://acnp.cib.unibo.it/cgi-ser/start/it/cnr/dc-p1.tcl?catno=35172&person=false&language=ITALIANO&libr=&libr_th=unina1$zBiblioteche che possiedono il periodico 901 $aSE 912 $a990008935300403321 958 $aBRAU. Biblioteca di Ricerca di Area Umanistica$b1987.$eSpagna 25$fFLFBC 959 $aFLFBC 996 $aCahiers du monde hispanique et luso-brésilien$9796523 997 $aUNINA AP1 8 $6866-01$aNA072 BRAU. Biblioteca di Ricerca di Area Umanistica$bSpagna 25$ePiazza Bellini 56/60, 80133 Napoli (NA)$m(081) 2533948$nit AP2 40$aacnp.cib.unibo.it$nACNP Italian Union Catalogue of Serials$uhttp://acnp.cib.unibo.it/cgi-ser/start/it/cnr/df-p.tcl?catno=35172&language=ITALIANO&libr=&person=&B=1&libr_th=unina&proposto=NO LEADER 02101nam2 22005053i 450 001 VAN00267398 005 20260205083537.685 017 70$2N$a9781468473018 100 $a20231121d1951 |0itac50 ba 101 $aeng 102 $aUS 105 $a|||| ||||| 181 $ai$b e 182 $ab 183 $acr 200 1 $aˆ1: ‰Basic concepts$fNathan Jacobson 210 $aNew York$cSpringer$d1951 215 $aXII, 217 p.$d24 cm 410 1$1001VAN00023579$12001 $aGraduate texts in mathematics$1210 $aNew York [etc.]$cSpringer$d1950-$v30 461 1$1001VAN00267397$12001 $aLectures in abstract algebra$fNathan Jacobson$1210 $aNew York$cSpringer$d1951-1964$1215 $a3 volumi$cill.$d24 cm$v1 606 $a00A05$xMathematics in general [MSC 2020]$3VANC021796$2MF 606 $a06-XX$xOrder, lattices, ordered algebraic structures [MSC 2020]$3VANC019973$2MF 606 $a12-XX$xField theory and polynomials [MSC 2020]$3VANC019746$2MF 606 $a13-XX$xCommutative algebra [MSC 2020]$3VANC019732$2MF 606 $a20-XX$xGroup theory and generalizations [MSC 2020]$3VANC019715$2MF 610 $aAlgebra$9KW:K 610 $aAutomorphisms$9KW:K 610 $aFields$9KW:K 610 $aGalois theory$9KW:K 610 $aHomomorphism$9KW:K 610 $aLinear algebra$9KW:K 610 $aMatrix$9KW:K 610 $aPermutation$9KW:K 610 $aTransformation$9KW:K 620 $aUS$dNew York$3VANL000011 700 1$aJacobson$bNathan$3VANV024798$012250 712 $aSpringer $3VANV108073$4650 801 $aIT$bSOL$c20260206$gRICA 856 4 $uhttps://doi.org/10.1007/978-1-4684-7301-8$zE-book ? Accesso al full-text attraverso riconoscimento IP di Ateneo, proxy e/o Shibboleth 899 $aBIBLIOTECA DEL DIPARTIMENTO DI MATEMATICA E FISICA$1IT-CE0120$2VAN08 912 $fN 912 $aVAN00267398 950 $aBIBLIOTECA DEL DIPARTIMENTO DI MATEMATICA E FISICA$d08DLOAD e-book 7250 $e08eMF7250 20231127 996 $aBasic concepts$9380668 997 $aUNICAMPANIA